[Event "WchT Blitz Pool C"]
[Site "London"]
[Date "2025.06.14"]
[Round "12.1"]
[White "Tan, Justin Hy"]
[Black "Gurevich, Ilya"]
[Result "1-0"]
[WhiteElo "2512"]
[BlackElo "2586"]
[PlyCount "85"]
[EventDate "2025.06.14"]
[EventType "team-tourn"]
[EventRounds "13"]
[EventCountry "ENG"]
[SourceTitle "CB25_2025"]
[SourceDate "2025.06.18"]
[SourceVersion "1"]
[SourceVersionDate "2025.06.18"]
[SourceQuality "1"]
[WhiteTeam "Wood Green Youth"]
[BlackTeam "e-therapeutics"]
[WhiteTeamCountry "ENG"]
[BlackTeamCountry "ENG"]

1. Nf3 Nf6 2. g3 g6 3. Bg2 Bg7 4. 0-0 d5 5. c4 dxc4 6. Na3 c3 7. bxc3 0-0 8. Bb2 c5 9. c4 Nc6 10. Nc2 Be6 11. d3 Qc8 12. Re1 Bh3 13. Bh1 h6 14. e4 Rd8 15. a3 Qd7 16. e5 Ng4 17. e6 Qxd3 18. exf7+ Kxf7 19. Bxg7 Qxd1 20. Raxd1 Kxg7 21. Rd5 b6 22. Nh4 Rdc8 23. f4 Rc7 24. Be4 Nf6 25. Bxg6 Nxd5 26. cxd5 Nd4 27. Ne3 Rd8 28. Be4 e6 29. g4 exd5 30. Nxd5 Rcd7 31. Ne3 Re8 32. Bh1 Kf8 33. Ng6+ Kg7 34. Ne5 Rde7 35. Nd5 Re6 36. Nc7 Rxe5 37. fxe5 Rf8 38. Nd5 Kg6 39. Ne3 Kg5 40. Nd5 Kxg4 41. e6 Re8 42. Nf6+ Kf4 43. Nxe8 1-0

[Event "London Classic op 14th"]
[Site "London"]
[Date "2024.12.06"]
[Round "8"]
[White "Tan, Justin Hy"]
[Black "Smirin, Ilia"]
[Result "0-1"]
[WhiteElo "2510"]
[BlackElo "2574"]
[PlyCount "168"]
[EventDate "2024.11.29"]
[EventType "swiss"]
[EventRounds "9"]
[EventCountry "ENG"]
[SourceTitle "CB50_2024"]
[SourceDate "2024.11.01"]
[SourceVersion "1"]
[SourceVersionDate "2024.11.01"]
[SourceQuality "2"]

1. d4 Nf6 2. Nf3 g6 3. Nbd2 Bg7 4. e4 d6 5. Bb5+ c6 6. Bd3 0-0 7. 0-0 c5 8. c3 cxd4 9. cxd4 Nc6 10. Re1 a5 11. Bf1 Bd7 12. a3 a4 13. b4 axb3 14. Qxb3 Na5 15. Qd1 Qe8 16. Rb1 Ba4 17. Qe2 Rc8 18. Qe3 Qd7 19. d5 Rc5 20. Bb2 Bc2 21. Bd4 Ng4 22. Qf4 Bxd4 23. Nxd4 Bxb1 24. Rxb1 Nf6 25. Rb4 Qg4 26. Qe3 Qd1 27. h3 Rfc8 28. Kh2 Qh5 29. Kg1 Rc3 30. Qf4 Qe5 31. Qh4 Nh5 32. N4f3 Qf6 33. Qg4 Rc1 34. Qd7 Kf8 35. g3 Qc3 36. Kg2 Qxa3 37. Ra4 Qc5 38. e5 Qxd5 39. g4 Ng7 40. exd6 exd6 41. Bc4 R1xc4 42. Nxc4 Rxc4 43. Qd8+ Ne8 44. Rxa5 Qc6 45. Ra8 Rf4 46. Ra3 Kg7 47. Kg3 Rc4 48. Ng5 Rc3+ 49. Rxc3 Qxc3+ 50. Nf3 Nf6 51. Qb6 Ne4+ 52. Kg2 Qc5 53. Qb2+ Kg8 54. Qa2 h6 55. Qa8+ Kh7 56. Qa2 d5 57. Ne5 Kg7 58. f3 Nf6 59. Qb2 d4 60. Nd3 Qc3 61. Qb5 Qc6 62. Qb4 Qc2+ 63. Nf2 d3 64. Qd4 d2 65. Kg3 Qc7+ 66. f4 Qd7 67. Qa1 Qd6 68. Kf3 Kh7 69. h4 h5 70. gxh5 Nxh5 71. Ke2 Qxf4 72. Qa7 Ng3+ 73. Kd1 Qf3+ 74. Kc2 Ne4 75. Nd1 Qf5 76. Ne3 Qc8+ 77. Kd3 f5 78. h5 gxh5 79. Qa5 h4 80. Qd5 Kg6 81. Qe5 Qc3+ 82. Qxc3 Nxc3 83. Kxc3 h3 84. Nd1 h2 0-1

[Event "Olympiad-44"]
[Site "Chennai"]
[Date "2022.08.09"]
[Round "11.4"]
[White "Lopez Silva, Hugo Andres"]
[Black "Tan, Justin Hy"]
[Result "1/2-1/2"]
[WhiteElo "2403"]
[BlackElo "2508"]
[PlyCount "60"]
[EventDate "2022.07.29"]
[EventType "team-swiss"]
[EventRounds "11"]
[EventCountry "IND"]
[SourceTitle "CBM 210"]
[Source "ChessBase"]
[SourceDate "2022.10.31"]
[SourceVersion "1"]
[SourceVersionDate "2022.10.31"]
[SourceQuality "1"]
[WhiteTeam "Chile"]
[BlackTeam "Australia"]
[WhiteTeamCountry "CHI"]
[BlackTeamCountry "AUS"]

1. e4 e5 2. Nf3 Nc6 3. Bc4 Bc5 4. c3 Nf6 5. d3 0-0 6. 0-0 d6 7. h3 h6 8. Re1 a5 9. Nbd2 Bb6 10. Nf1 Ne7 11. Ng3 c6 12. d4 Ng6 13. Bd3 Bc7 14. a4 Re8 15. Bc2 d5 16. dxe5 Nxe4 17. Nxe4 dxe4 18. Qxd8 Rxd8 19. Bxe4 Nxe5 20. Nxe5 Bxe5 21. Bxc6 Bxc3 22. bxc3 bxc6 23. Be3 Bf5 24. Bb6 Rdb8 25. Bc7 Rb7 26. Re5 Bc2 27. Rxa5 Rxa5 28. Bxa5 Ra7 29. Bb6 Rxa4 30. Rxa4 Bxa4 1/2-1/2

[Event "Olympiad-44"]
[Site "Chennai"]
[Date "2022.08.08"]
[Round "10.3"]
[White "Mehmeti, Dritan"]
[Black "Tan, Justin Hy"]
[Result "0-1"]
[WhiteElo "2371"]
[BlackElo "2508"]
[PlyCount "72"]
[EventDate "2022.07.29"]
[EventType "team-swiss"]
[EventRounds "11"]
[EventCountry "IND"]
[SourceTitle "CBM 210"]
[Source "ChessBase"]
[SourceDate "2022.10.31"]
[SourceVersion "1"]
[SourceVersionDate "2022.10.31"]
[SourceQuality "1"]
[WhiteTeam "Albania"]
[BlackTeam "Australia"]
[WhiteTeamCountry "ALB"]
[BlackTeamCountry "AUS"]

1. e4 e5 2. Nf3 Nc6 3. Bc4 Bc5 4. 0-0 Nf6 5. d3 d6 6. c3 0-0 7. h3 h6 8. Re1 a5 9. Nbd2 Be6 10. Bb5 Qb8 11. Nf1 Qa7 12. Re2 a4 13. Ng3 Qa5 14. Bxc6 bxc6 15. d4 Ba7 16. Be3 Rfe8 17. Qd2 Kh7 18. a3 Rab8 19. dxe5 Bxe3 20. Qxe3 dxe5 21. Rd1 Qb6 22. Qc1 Qc5 23. Nh4 Rb5 24. Nhf5 Reb8 25. Ne3 g6 26. Kh2 Ne8 27. f3 Qe7 28. Rdd2 Nd6 29. Qd1 Bb3 30. Qe1 Qg5 31. Nh1 Be6 32. g3 Qh5 33. g4 Qg5 34. Qg3 Bc4 35. Nxc4 Nxc4 36. h4 Nxd2 0-1

[Event "Olympiad-44"]
[Site "Chennai"]
[Date "2022.08.06"]
[Round "8.3"]
[White "Tan, Justin Hy"]
[Black "Sipila, Vilka"]
[Result "1/2-1/2"]
[WhiteElo "2508"]
[BlackElo "2416"]
[PlyCount "132"]
[EventDate "2022.07.29"]
[EventType "team-swiss"]
[EventRounds "11"]
[EventCountry "IND"]
[SourceTitle "CBM 210"]
[Source "ChessBase"]
[SourceDate "2022.10.31"]
[SourceVersion "1"]
[SourceVersionDate "2022.10.31"]
[SourceQuality "1"]
[WhiteTeam "Australia"]
[BlackTeam "Finland"]
[WhiteTeamCountry "AUS"]
[BlackTeamCountry "FIN"]

1. e4 e6 2. d4 d5 3. e5 c5 4. c3 Nc6 5. Nf3 Bd7 6. Be2 Qb6 7. 0-0 a5 8. dxc5 Bxc5 9. a4 Nge7 10. Bd3 f6 11. exf6 gxf6 12. Nd4 Ne5 13. Bb5 Bxd4 14. cxd4 Bxb5 15. axb5 N5g6 16. Nc3 0-0 17. Ra4 Qd6 18. g3 b6 19. Re1 Nf5 20. Qf3 Qd7 21. h4 Rf7 22. h5 Nf8 23. Qd3 Rc8 24. Re2 Rg7 25. Bf4 Qf7 26. Nxd5 Nxg3 27. fxg3 exd5 28. Qf5 Qd7 29. Qxd7 Nxd7 30. Re6 Rc2 31. Ra3 Nf8 32. Re8 Rxb2 33. Bd6 Rf7 34. Rc3 Kg7 35. Rcc8 Kh6 36. Bxf8+ Kxh5 37. Bd6 Kg4 38. Rc3 Rd7 39. Bb8 Rxb5 40. Rg8+ Kf5 41. Re3 h5 42. Rf8 Kg6 43. Re6 Rf7 44. Rd8 a4 45. Bf4 Kf5 46. Rc6 Ra7 47. Rdd6 a3 48. Rxf6+ Ke4 49. Rfe6+ Kxd4 50. Be5+ Kd3 51. Rc3+ Kd2 52. Rec6 Rc5 53. R3xc5 bxc5 54. Rxc5 a2 55. Rxd5+ Ke2 56. Kg2 a1Q 57. Bxa1 Rxa1 58. Rxh5 Kd3 59. Re5 Kd4 60. Re8 Ra7 61. g4 Ra3 62. Kf2 Rb3 63. Re1 Ra3 64. g5 Ra5 65. Rg1 Ke5 66. Kg3 Ra8 1/2-1/2

[Event "Olympiad-44"]
[Site "Chennai"]
[Date "2022.08.03"]
[Round "6.4"]
[White "Christiansen, Johan Sebastian"]
[Black "Tan, Justin Hy"]
[Result "1/2-1/2"]
[WhiteElo "2593"]
[BlackElo "2508"]
[PlyCount "98"]
[EventDate "2022.07.29"]
[EventType "team-swiss"]
[EventRounds "11"]
[EventCountry "IND"]
[SourceTitle "CBM 210"]
[Source "ChessBase"]
[SourceDate "2022.10.31"]
[SourceVersion "1"]
[SourceVersionDate "2022.10.31"]
[SourceQuality "1"]
[WhiteTeam "Norway"]
[BlackTeam "Australia"]
[WhiteTeamCountry "NOR"]
[BlackTeamCountry "AUS"]

1. e4 e5 2. Nf3 Nf6 3. Nxe5 d6 4. Nf3 Nxe4 5. Bd3 Nf6 6. 0-0 Be7 7. Re1 0-0 8. Bf1 Re8 9. d4 c6 10. c4 d5 11. Nc3 Be6 12. Qb3 dxc4 13. Qxb7 Qb6 14. Qxa8 Nbd7 15. Qxe8+ Nxe8 16. Bxc4 Bxc4 17. Rxe7 Qd8 18. Re1 h6 19. d5 Bxd5 20. Nxd5 cxd5 21. Be3 a6 22. Red1 Ndf6 23. Bd4 Nd6 24. Bxf6 Qxf6 25. Rxd5 Qxb2 26. Re1 Qa3 27. h4 g6 28. h5 gxh5 29. Rxh5 Qxa2 30. Rxh6 Qa3 31. Rd1 Ne4 32. Rh4 Nf6 33. Rf4 Qc3 34. Rdd4 Kg7 35. Kh2 Qc7 36. g3 Nh5 37. Rf5 Qc2 38. Rg4+ Kf8 39. Nd4 Qd2 40. Re4 Ng7 41. Rf3 a5 42. Ref4 Kg8 43. Nc6 f5 44. Ne7+ Kf8 45. Nxf5 Ne6 46. Rg4 Ng5 47. Rff4 Ne6 48. Rf3 Ng5 49. Rff4 Ne6 1/2-1/2

[Event "Dublin Easter"]
[Site "Dublin"]
[Date "2022.04.18"]
[Round "9"]
[White "Kanyamarala, Trisha"]
[Black "Tan, Justin Hy"]
[Result "1/2-1/2"]
[WhiteElo "2198"]
[BlackElo "2532"]
[PlyCount "28"]
[EventDate "2022.04.14"]
[EventType "tourn"]
[EventRounds "9"]
[EventCountry "IRL"]
[EventCategory "6"]
[SourceTitle "CBM 207 Extra"]
[Source "ChessBase"]
[SourceDate "2022.05.31"]
[SourceVersion "1"]
[SourceVersionDate "2022.05.31"]
[SourceQuality "1"]

1. d4 Nf6 2. c4 e6 3. Nc3 Bb4 4. e3 0-0 5. Bd2 d5 6. Nf3 b6 7. cxd5 exd5 8. Bd3 Bd6 9. 0-0 Re8 10. Qb1 Ba6 11. Re1 Bxd3 12. Qxd3 Qe7 13. e4 dxe4 14. Nxe4 Nbd7 1/2-1/2

[Event "Dublin Easter"]
[Site "Dublin"]
[Date "2022.04.17"]
[Round "7"]
[White "Neuman, Petr"]
[Black "Tan, Justin Hy"]
[Result "0-1"]
[WhiteElo "2386"]
[BlackElo "2532"]
[PlyCount "100"]
[EventDate "2022.04.14"]
[EventType "tourn"]
[EventRounds "9"]
[EventCountry "IRL"]
[EventCategory "6"]
[SourceTitle "CBM 207 Extra"]
[Source "ChessBase"]
[SourceDate "2022.05.31"]
[SourceVersion "1"]
[SourceVersionDate "2022.05.31"]
[SourceQuality "1"]

1. d4 Nf6 2. Bg5 d5 3. e3 c5 4. Bxf6 gxf6 5. dxc5 e6 6. c4 dxc4 7. Qxd8+ Kxd8 8. Bxc4 Bxc5 9. Nc3 Ke7 10. Nge2 Nd7 11. Nf4 Ne5 12. Be2 Bd7 13. 0-0 a6 14. Rac1 Rac8 15. Rc2 Bc6 16. Rfc1 Bd6 17. Kf1 f5 18. a3 Rhg8 19. b4 Ng4 20. g3 Nxh2+ 21. Kg1 Ng4 22. b5 axb5 23. Nxb5 Ra8 24. Nxd6 Kxd6 25. Rc3 Ne5 26. Nd3 Nxd3 27. Rxd3+ Ke7 28. Rb3 h5 29. Kf1 Rh8 30. Bb5 Bd5 31. Bc4 Bf3 32. Be2 Bd5 33. Bc4 Rac8 34. Rbc3 Bc6 35. Ke1 h4 36. gxh4 Rxh4 37. Bd3 Rg8 38. Rc4 Rh3 39. Rf4 Ra8 40. Rc3 Rh1+ 41. Kd2 Ra1 42. Rb4 R1xa3 43. Rxa3 Rxa3 44. f4 Ra5 45. Kc3 Kd6 46. Rd4+ Kc7 47. Rb4 b6 48. Bc4 Ra3+ 49. Kd4 Ra4 50. Rxa4 Bxa4 0-1

[Event "BCF-chT 2122 (4NCL)"]
[Site "England"]
[Date "2022.02.13"]
[Round "4.13"]
[White "Tan, Justin Hy"]
[Black "Jaracz, Pawel"]
[Result "1-0"]
[WhiteElo "2526"]
[BlackElo "2459"]
[PlyCount "147"]
[EventDate "2021.11.27"]
[EventType "team-swiss"]
[EventRounds "11"]
[EventCountry "ENG"]
[SourceTitle "EXT 2023"]
[Source "ChessBase"]
[SourceDate "2022.10.05"]
[SourceVersion "1"]
[SourceVersionDate "2022.10.05"]
[SourceQuality "1"]
[WhiteTeam "Wood Green"]
[BlackTeam "Chess.com Manx Liberty"]
[WhiteTeamCountry "ENG"]
[BlackTeamCountry "ENG"]

1. e4 c6 2. d4 d5 3. e5 Bf5 4. Nd2 e6 5. Nb3 Nd7 6. Nf3 h6 7. Be2 Qc7 8. 0-0 a6 9. Re1 c5 10. dxc5 Bxc5 11. Nxc5 Nxc5 12. Nd4 Ne7 13. Bf1 0-0 14. h3 Rac8 15. c3 Qb6 16. a4 Bh7 17. Ra3 Nf5 18. a5 Qc7 19. Bf4 Nd7 20. Qd2 Nc5 21. g4 Nh4 22. f3 Qe7 23. Bg3 Rce8 24. b4 Nd7 25. Qf2 Ng6 26. Bxa6 Ngxe5 27. Bb5 Nd3 28. Bxd3 Bxd3 29. Qe3 Bg6 30. a6 bxa6 31. Nc6 Qf6 32. Bd6 e5 33. Bxf8 Qxc6 34. Bc5 Re6 35. Rd1 Rf6 36. Be7 Rf4 37. Bh4 Rc4 38. Be1 f6 39. Qa7 d4 40. Rxa6 Qxf3 41. Qa8+ Qxa8 42. Rxa8+ Kh7 43. Rd8 Bc2 44. Ra1 Rc7 45. Ra6 f5 46. Rd6 Ba4 47. Ra8 dxc3 48. Rxa4 c2 49. Bd2 c1Q+ 50. Bxc1 Rxc1+ 51. Kg2 Rc2+ 52. Kf1 Nf6 53. gxf5 Ne4 54. Rd8 Ng3+ 55. Ke1 Nxf5 56. Rd5 Rb2 57. Rxe5 Kg6 58. Kd1 Kf6 59. Rc5 Rb3 60. b5 Rxh3 61. Ra6+ Kg5 62. b6 Rb3 63. Raa5 Rxb6 64. Rxf5+ Kg6 65. Rfb5 Re6 66. Re5 Rb6 67. Ke2 Kh7 68. Kf3 Rb1 69. Ra7 Rb3+ 70. Re3 Rb5 71. Kg2 Rb2+ 72. Kh3 Rb8 73. Rg3 Rg8 74. Kh4 1-0

[Event "BCF-chT 2122 (4NCL)"]
[Site "England"]
[Date "2022.02.12"]
[Round "3.13"]
[White "Moreby, James"]
[Black "Tan, Justin Hy"]
[Result "1/2-1/2"]
[WhiteElo "2304"]
[BlackElo "2526"]
[PlyCount "39"]
[EventDate "2021.11.27"]
[EventType "team-swiss"]
[EventRounds "11"]
[EventCountry "ENG"]
[SourceTitle "EXT 2023"]
[Source "ChessBase"]
[SourceDate "2022.10.05"]
[SourceVersion "1"]
[SourceVersionDate "2022.10.05"]
[SourceQuality "1"]
[WhiteTeam "The Sharks"]
[BlackTeam "Wood Green"]
[WhiteTeamCountry "ENG"]
[BlackTeamCountry "ENG"]

1. c4 e6 2. g3 d5 3. Bg2 d4 4. Nf3 Nc6 5. 0-0 e5 6. d3 Bc5 7. b4 Nxb4 8. Nxe5 Ne7 9. Nd2 0-0 10. Ne4 Bd6 11. Nxd6 Qxd6 12. Bf4 Qc5 13. Qa4 c6 14. Nf3 Rd8 15. Bc1 a5 16. Ba3 Qb6 17. Bxb4 Qxb4 18. Qxb4 axb4 19. Rfb1 Ra4 20. a3 1/2-1/2

[Event "Doeberl Cup 58th"]
[Site "Canberra"]
[Date "2021.04.04"]
[Round "7"]
[White "Tan, Justin Hy"]
[Black "Kuybokarov, Temur"]
[Result "0-1"]
[WhiteElo "2504"]
[BlackElo "2543"]
[PlyCount "62"]
[EventDate "2021.04.01"]
[EventType "swiss"]
[EventRounds "9"]
[EventCountry "AUS"]
[SourceTitle "EXT 2023"]
[Source "ChessBase"]
[SourceDate "2022.10.05"]
[SourceVersion "1"]
[SourceVersionDate "2022.10.05"]
[SourceQuality "1"]

1. e4 e5 2. Nf3 Nc6 3. Bb5 a6 4. Ba4 Nf6 5. 0-0 Bc5 6. c3 b5 7. Bb3 d6 8. d4 Ba7 9. h3 0-0 10. a4 h6 11. Na3 b4 12. Nb1 Rb8 13. Bc2 Re8 14. Re1 a5 15. Be3 exd4 16. cxd4 b3 17. Bxb3 Rxe4 18. Nc3 Re7 19. Nb5 Bb6 20. Bxh6 gxh6 21. Qc2 Rxe1+ 22. Rxe1 Ne7 23. Rxe7 Qxe7 24. Qg6+ Kf8 25. Qxh6+ Ke8 26. Ng5 d5 27. Nf3 Qe6 28. Bc2 Ke7 29. Ne5 Bd7 30. g4 Bxd4 31. Nf3 Bxf2+ 0-1

[Event "Titled Tuesday intern op 23rd June"]
[Site "Chess.com INT"]
[Date "2020.06.23"]
[Round "10"]
[White "Erzhanov, Arman"]
[Black "Tan, Justin Hy"]
[Result "1-0"]
[WhiteElo "2229"]
[BlackElo "2496"]
[PlyCount "45"]
[EventDate "2020.06.23"]
[EventType "swiss (blitz)"]
[EventRounds "10"]
[EventCountry "USA"]
[SourceTitle "CBM 197 Extra"]
[Source "ChessBase"]
[SourceDate "2020.09.30"]
[SourceVersion "1"]
[SourceVersionDate "2020.09.30"]
[SourceQuality "1"]

1. e4 d5 2. exd5 Qxd5 3. Nf3 Nc6 4. d4 Bg4 5. Be2 0-0-0 6. Be3 Qf5 7. 0-0 e5 8. d5 e4 9. Nfd2 Bxe2 10. Qxe2 Rxd5 11. Nc3 Re5 12. Nc4 Re6 13. Rad1 Nf6 14. h3 Bb4 15. Nb5 Kb8 16. Nd4 Nxd4 17. Bxd4 Rhe8 18. Ne3 Qf4 19. Bxf6 gxf6 20. Nd5 Qd6 21. Nxf6 Rxf6 22. Rxd6 cxd6 23. Qb5 1-0

[Event "Titled Tuesday intern op 23rd June"]
[Site "Chess.com INT"]
[Date "2020.06.23"]
[Round "5"]
[White "Salem, AR Saleh"]
[Black "Tan, Justin Hy"]
[Result "1-0"]
[WhiteElo "2682"]
[BlackElo "2496"]
[PlyCount "81"]
[EventDate "2020.06.23"]
[EventType "swiss (blitz)"]
[EventRounds "10"]
[EventCountry "USA"]
[SourceTitle "CBM 197 Extra"]
[Source "ChessBase"]
[SourceDate "2020.09.30"]
[SourceVersion "1"]
[SourceVersionDate "2020.09.30"]
[SourceQuality "1"]

1. d4 Nf6 2. c4 e6 3. Nf3 d5 4. g3 Be7 5. Bg2 0-0 6. 0-0 dxc4 7. Qc2 a6 8. a4 Bd7 9. Qxc4 Bc6 10. Bf4 Bd6 11. Qc1 a5 12. Nc3 Na6 13. Bd2 Nb4 14. Qb1 Be7 15. e4 b6 16. Rd1 Bb7 17. Bf4 Nh5 18. Be3 Nf6 19. h3 Qe8 20. Ne5 Nd7 21. Nc4 Nf6 22. Bf4 Nh5 23. Be3 f5 24. Ne2 Nf6 25. f3 Rd8 26. Nf4 fxe4 27. fxe4 Qc6 28. Ne5 Qd6 29. b3 c5 30. Nc4 Qc6 31. Ne5 Qd6 32. Kh2 Ba6 33. Qb2 Nd7 34. Nxd7 Qxd7 35. dxc5 Qxd1 36. Rxd1 Rxd1 37. cxb6 Bf6 38. Qf2 Nd3 39. Qf3 Re1 40. Nxe6 Be5 41. Qxf8# 1-0